| 000 | 00879nam a2200253Ia 4500 | ||
|---|---|---|---|
| 003 | OSt | ||
| 005 | 20220923212822.0 | ||
| 006 | a|||||r|||| 00| 0 | ||
| 007 | ta | ||
| 008 | 220922b |||||||| |||| 00| 0 hin d | ||
| 024 | _a156,114 | ||
| 037 | _cTextual | ||
| 040 |
_aARTS _cARTS _bhin |
||
| 041 |
_2hin _ahin |
||
| 082 | _aO1518,1x, 152L0 | ||
| 100 | _aजैन, देवेन्द्र कुमार, संपा. | ||
| 245 | 0 | _aअपभं्रश काव्य धारा | |
| 246 | _aApabhanrash kāvya dhārā | ||
| 260 |
_aजयपुर _b कल्थाणमल एण्ड संस _c1970 |
||
| 300 |
_a198 पृ. _ccm. |
||
| 650 | _aसंस्कृत साहित्य | ||
| 942 |
_hO1518,1x, 152L0 _cTEXL _2CC |
||
| 999 |
_c311435 _d311435 |
||